THE COMPLETE LEARNER'S TOOLKIT: METACOGNITION AND MINDSET-EQUIPPING THE MODERN LEARNER WITH THE THINKING, SOCIAL AND SELF-REGULATION SKILLS TO SUCCEED AT SCHOOL AND LIFE (Record no. 216705)
[ view plain ]
| 000 -LEADER | |
|---|---|
| fixed length control field | 00695nam a22001697a 4500 |
| 008 - FIXED-LENGTH DATA ELEMENTS--GENERAL INFORMATION | |
| fixed length control field | 260226b |||||||| |||| 00| 0 eng d |
| 022 ## - INTERNATIONAL STANDARD SERIAL NUMBER | |
| International Standard Serial Number | 978-178135317-2 |
| 050 ## - LIBRARY OF CONGRESS CALL NUMBER | |
| Classification number | LB 1065 .B 44 2020 |
| 100 ## - MAIN ENTRY--PERSONAL NAME | |
| Personal name | BEERE, JACKIE |
| 245 ## - TITLE STATEMENT | |
| Title | THE COMPLETE LEARNER'S TOOLKIT: METACOGNITION AND MINDSET-EQUIPPING THE MODERN LEARNER WITH THE THINKING, SOCIAL AND SELF-REGULATION SKILLS TO SUCCEED AT SCHOOL AND LIFE |
| 260 ## - PUBLICATION, DISTRIBUTION, ETC. | |
| Name of publisher, distributor, etc. | INDEPENDENT THINKING PRESS, |
| Date of publication, distribution, etc. | 2020, |
| Place of publication, distribution, etc. | BANCYFELIN, |
| 300 ## - PHYSICAL DESCRIPTION | |
| Extent | Vi, 185 P, ILL |
| 500 ## - GENERAL NOTE | |
| General note | INCLUDES BIBLIOGRAPHICAL REFERENCES AND INDEX |
| 650 ## - SUBJECT ADDED ENTRY | |
| Topical term or geographic name entry element | Learning ability-Study and teaching (Secondary), Motivation in education |
| 942 ## - ADDED ENTRY ELEMENTS (KOHA) | |
| Source of classification or shelving scheme | Library of Congress Classification |
| Koha item type | Long Loan Book |
| Withdrawn status | Lost status | Source of classification or shelving scheme | Damaged status | Not for loan | Collection | Home library | Current library | Shelving location | Date acquired | Inventory number | Total checkouts | Full call number | Barcode | Date last seen | Copy number | Price effective from | Koha item type |
|---|---|---|---|---|---|---|---|---|---|---|---|---|---|---|---|---|---|
| Library of Congress Classification | Arts & Social Sciences | Kisii University Library | Kisii University Library | On Display | 02/26/2026 | 111593 | LB 1065 .B 44 2020 | 000000017498 | 02/26/2026 | 1 | 02/26/2026 | Long Loan Book | |||||
| Library of Congress Classification | Arts & Social Sciences | Kisii University Library | Kisii University Library | On Display | 02/26/2026 | 111594 | LB 1065 .B 44 2020 | 000000017504 | 02/26/2026 | 2 | 02/26/2026 | Long Loan Book | |||||
| Library of Congress Classification | Arts & Social Sciences | Kisii University Library | Kisii University Library | On Display | 02/26/2026 | 111595 | LB 1065 .B 44 2020 | 000000017492 | 02/26/2026 | 3 | 02/26/2026 | Long Loan Book | |||||
| Library of Congress Classification | Arts & Social Sciences | Kisii University Library | Kisii University Library | On Display | 02/26/2026 | 111596 | LB 1065 .B 44 2020 | 000000017486 | 02/26/2026 | 4 | 02/26/2026 | Long Loan Book | |||||
| Library of Congress Classification | Arts & Social Sciences | Kisii University Library | Kisii University Library | On Display | 02/26/2026 | 111597 | LB 1065 .B 44 2020 | 000000017480 | 02/26/2026 | 5 | 02/26/2026 | Long Loan Book |